COURS 12 - Statistiques

Statistiques générales
  • Ce quiz a été pris 16 fois
    10 depuis la dernière actualisation
  • Le résultat moyen est 18 sur 35
Statistiques - réponses
Événement Date % Correct
Attentats du World Trade Center 11 septembre 2001
100%
Abolition des lois d'appartheid 1991
100%
Mandat de Boris Eltsine 1991 1999
100%
Accords d’Oslo 1993
100%
Accords de Dayton 1995
100%
Crise financière mondiale 2008
100%
Accords de Paris sur le climat 2015
100%
Chute de l’URSS 25 décembre 1991
100%
Massacre de Srebrenica 11 16 juillet 1995
50%
G.H. Bush évoque un "Nouvel ordre mondial" 11 septembre 1990
50%
Reconnaissance par l'ONU de la Croatie et Slovénie 15 janvier 1992
50%
Tempête du Désert 17 janvier 1991
50%
Échec de l’intervention en Somalie ("Black Hawk Down") 1993
50%
Mémorandum de Budapest 1994
50%
Conférence du Caire 1994
50%
Retrait progressif des troupes américaines d’Irak 2009-2011
50%
Non-intervention en Syrie 2011
50%
Lancement des nouvelles routes de la soie 2013
50%
Début de l’intervention contre Daech en Irak et en Syrie 2014
50%
Accord de Vienne sur le nucléaire iranien 2015
50%
Retrait des Accords de Paris 2017
50%
Retrait de l'Accord de Vienne 2018
50%
Accords d'Abraham 2020
50%
Mort d'Hussein 30 Décembre 2006
50%
Fin des massacres au Rwanda 4 juillet 1994
50%
Discours du Caire d’Obama 5 juin 2009
50%
Début de l’intervention en Afghanistan 7 octobre 2001
50%
Putsch manqué des Républiques d'URSS 19 21 Aout 1991
0%
Guerre du Golfe 1990-91
0%
ALENA 1994
0%
Invasion de l’Irak 20 mars 2003
0%
Reconnaissance par l'ONU de la Bosnie 27 avril 1992
0%
Discours de G.W. Bush sur l’état de l’Union, où il désigne "l’axe du mal" 29 janvier 2002
0%
Assassinat d’Oussama Ben Laden 2 mai 2011
0%
Intervention de Colin Powell à l'ONU 5 février 2003
0%
Aucun quiz correspondant
Distribution des résultats
% des personnes avec chaque résultat
Percentile par nombre de réponses
Votre historique - résultats
Vous n’avez pas pris ce quiz depuis la dernière actualisation